| 000 | 00896cam a22002891i 4500 | ||
|---|---|---|---|
| 001 | 12704 | ||
| 003 | BD-RjUL | ||
| 005 | 20211208235337.0 | ||
| 008 | 140129s1961 nyua b 001 0 eng d | ||
| 035 | _a(BD-RjUL)12754 | ||
| 035 | _a(OCoLC)2007452 | ||
| 040 |
_aDLC _cOWibfC _dOCoLC _dDLC _d(BD-RjUL) _beng |
||
| 041 | _aeng | ||
| 082 | 0 | 0 |
_219 _a 616.8 _bCOM 1961 |
| 100 | 1 |
_aCollins, Ralph T. _939557 |
|
| 245 | 1 | 2 |
_aA manual of neurology and psychiatry in occupational medicine / _cBy Ralph T Collins, . |
| 260 |
_aNew York : _bGrune & Stratton, _c1961. |
||
| 300 |
_a244 p. : _bill. ; _c23 cm. |
||
| 490 | 0 |
_aModern monographs in industrial medicine ; _v6 |
|
| 504 | _aIncludes bibliography and Index. | ||
| 650 | 0 |
_aNeurology. _937896 |
|
| 650 | 0 |
_aPsychiatry. _939558 |
|
| 650 | 0 |
_aMedicine, Industrial. _939559 |
|
| 942 |
_2ddc _cBK |
||
| 999 |
_c12704 _d12704 |
||